| 000 | 00681nam a2200241Ia 4500 | ||
|---|---|---|---|
| 003 | OSt | ||
| 005 | 20221007110307.0 | ||
| 006 | a|||||r|||| 00| 0 | ||
| 007 | ta | ||
| 008 | 221006b |||||||| |||| 00| 0 eng d | ||
| 024 | _a20,815 | ||
| 037 | _cTextual | ||
| 040 |
_aLCO _cLCO _beng |
||
| 041 |
_2eng _aeng |
||
| 082 | _aZ1,d, L2 | ||
| 100 |
_aOsakwe Chris _9688129 |
||
| 245 | 0 | _aParticipation of the Soviet Union in Universal International Organizations | |
| 260 |
_aLeiden _bA.W.Sijthoff Netherland _c1972 |
||
| 300 | _a194 | ||
| 650 |
_aINTERNATIONAL ORGANIZATIONS _9457732 |
||
| 942 |
_hZ1,d, L2 _cTEXL |
||
| 999 |
_c1190378 _d1190378 |
||